Statistics for Carolina Hurricanes Captains

Click here to take the quiz!

General Stats

  • This quiz has been taken 5 times
    (2 since last reset)
  • The average score is 10 of 19

Answer Stats

Years Answer % Correct
2010-16Erik Staal
100%
2006-10Rod Brind’Amour
100%
2000-04Ron Francis
100%
1985-91Ron Francis
100%
2018Jordan Staal
100%
2020-CurrentJordan Staal
100%
2019Justin Williams
50%
2018Justin Faulk
50%
1999Keith Primeau
50%
1997-98Kevin Dineen
50%
1980-81Rick Ley
50%
1993-95Pat Verbeek
50%
1982Dave Keon
50%
1981Mike Rodgers
0%
1983Russ Anderson
0%
1992Randy Ladouceur
0%
1996Brendan Shanahan
0%
2001Scott Pellerin
0%
1984-85Mark Johnson
0%

Score Distribution

Percentile by Number Answered

Percent of People with Each Score

Your Score History

You have not taken this quiz since the last reset